[Event "Liga Madrid 2009-2010 Division de Honor"]
[Site "Madrid ESP"]
[Date "2010.01.10"]
[Round "5.13"]
[White "Candela Perez, Jose"]
[Black "Anton Guijarro, David"]
[Result "1/2-1/2"]
[WhiteElo "2416"]
[BlackElo "2300"]
[PlyCount "98"]
[EventDate "2009.11.22"]
[EventType "team"]
[EventRounds "14"]
[EventCountry "ESP"]
[Source "lmi"]
[SourceDate "2009.11.22"]

1. e4 c5 2. Nf3 d6 3. d4 cxd4 4. Nxd4 Nf6 5. Nc3 Nc6 6. Be2 Nxd4 7. Qxd4 g6 8.
Bg5 Bg7 9. Qd2 O-O 10. Bh6 Qa5 11. f3 Be6 12. h4 Bxh6 13. Qxh6 Qb4 14. O-O-O
Rfc8 15. Qe3 Rc5 16. Qd4 Qxd4 17. Rxd4 Rac8 18. Ra4 a6 19. Bd3 Nd7 20. Rb4 R8c7
21. Kd2 Ne5 22. Ra4 b5 23. Rxa6 Nxd3 24. cxd3 b4 25. Nd5 Rc2+ 26. Ke3 Bxd5 27.
exd5 Rxg2 28. b3 Rcc2 29. Ra4 Rxa2 30. Rxb4 Ra5 31. h5 h6 32. hxg6 Rxg6 33. Rb7
Rxd5 34. Rxe7 Rb5 35. Rb1 h5 36. Re4 Kg7 37. b4 Rgg5 38. Rd4 Rb6 39. Kd2 Rf5
40. Rf1 Kf6 41. Kc3 Ke5 42. Re1+ Kf6 43. Rf1 Ke5 44. Re4+ Kd5 45. Rh4 Kc6 46.
f4 Rb8 47. Kc4 Rg8 48. Kd4 Rb5 49. Rc1+ Kd7 1/2-1/2

[Event "Liga Madrid 2009-2010 Division de Honor"]
[Site "Madrid ESP"]
[Date "2010.01.10"]
[Round "5.14"]
[White "Perez De Aranda Alonso, Leonardo"]
[Black "Taboas Rodriguez, Daniel"]
[Result "0-1"]
[WhiteElo "2216"]
[BlackElo "2359"]
[PlyCount "64"]
[EventDate "2009.11.22"]
[EventType "team"]
[EventRounds "14"]
[EventCountry "ESP"]
[Source "lmi"]
[SourceDate "2009.11.22"]

1. e4 e6 2. d4 d5 3. Nd2 c5 4. exd5 exd5 5. Ngf3 Nc6 6. Bb5 Bd6 7. O-O cxd4 8.
Nb3 Nge7 9. h3 O-O 10. Nbxd4 Bc7 11. b3 Qd6 12. a4 Re8 13. Re1 Bd7 14. Ba3 Qf6
15. Qd2 Nf5 16. Nxf5 Bxf5 17. Nd4 Be4 18. Bc5 Bf4 19. Qd1 Re5 20. f3 Bg6 21.
Rxe5 Bxe5 22. c3 Re8 23. Bxa7 Qf4 24. Ne2 Qh2+ 25. Kf1 Bf5 26. Bg1 Qh1 27. Kf2
Bxh3 28. gxh3 Qxh3 29. Qd3 h5 30. a5 h4 31. Ke1 Bf4 32. Kd1 Qf1+ 0-1

[Event "Liga Madrid 2009-2010 Division de Honor"]
[Site "Madrid ESP"]
[Date "2010.01.10"]
[Round "5.15"]
[White "Prieto Martin, Alfonso"]
[Black "Rodriguez De Castro, Ayar"]
[Result "0-1"]
[WhiteElo "2212"]
[BlackElo "2113"]
[PlyCount "74"]
[EventDate "2009.11.22"]
[EventType "team"]
[EventRounds "14"]
[EventCountry "ESP"]
[Source "lmi"]
[SourceDate "2009.11.22"]

1. e4 d6 2. d4 Nf6 3. Nc3 e5 4. Nf3 Nbd7 5. Bc4 Be7 6. O-O O-O 7. Bb3 exd4 8.
Qxd4 Nc5 9. h3 Be6 10. Be3 Nfd7 11. Qd2 Bf6 12. Nd4 Bxb3 13. axb3 Re8 14. f3
Nb6 15. Rfd1 g6 16. Ndb5 a6 17. Nxc7 Qxc7 18. Qxd6 Qxd6 19. Rxd6 Bxc3 20. Rxb6
Bxb2 21. Ra2 Nxe4 22. fxe4 Rxe4 23. Bf2 Bd4 24. Rxb7 Re1+ 25. Kh2 Bxf2 26. c4
Bd4 27. b4 Be5+ 28. g3 Rc8 29. c5 Rb1 30. Rb6 Bc3 31. Rc2 Rxb4 32. Rxa6 Rb2 33.
Rxb2 Bxb2 34. c6 Be5 35. Ra5 f6 36. Rc5 Kf7 37. h4 h5 0-1

[Event "Liga Madrid 2009-2010 Division de Honor"]
[Site "Madrid ESP"]
[Date "2010.01.10"]
[Round "5.16"]
[White "Vazquez Torres, Adrian"]
[Black "Nunez Gutierrez, Juan Carlos"]
[Result "1/2-1/2"]
[WhiteElo "2144"]
[BlackElo "2101"]
[PlyCount "106"]
[EventDate "2009.11.22"]
[EventType "team"]
[EventRounds "14"]
[EventCountry "ESP"]
[Source "lmi"]
[SourceDate "2009.11.22"]

1. e4 e5 2. Nf3 Nf6 3. Nxe5 d6 4. Nf3 Nxe4 5. Nc3 Nxc3 6. dxc3 Nc6 7. Bf4 Be6
8. Bb5 Be7 9. Nd4 Bd7 10. Bd3 Ne5 11. Be4 Rb8 12. Nf3 Bf6 13. Nxe5 dxe5 14. Be3
b6 15. Qd3 h6 16. O-O-O Qe7 17. Qc4 c5 18. Qa6 O-O 19. Qxa7 Rfd8 20. c4 Qe6 21.
Bd5 Qf5 22. Qc7 Be6 23. Bxe6 Qxe6 24. Rd5 Rbc8 25. Qb7 Rb8 26. Rxd8+ Rxd8 27.
Qe4 Qd7 28. b3 Be7 29. a4 Qd6 30. Re1 Bf6 31. h4 h5 32. g3 g6 33. Qd5 Qxd5 34.
cxd5 Rxd5 35. Rd1 Rxd1+ 36. Kxd1 Bd8 37. Kd2 f5 38. Kd3 Kf7 39. Kc4 Ke6 40. a5
bxa5 41. Bxc5 f4 42. Kb5 e4 43. Kc4 Bc7 44. gxf4 Bd8 45. Kd4 Kf5 46. Ke3 Bc7
47. f3 Bxf4+ 48. Kf2 Bc7 49. fxe4+ Kxe4 50. Be7 Be5 51. Bd8 Bc3 52. Ke2 Bb4 53.
Bg5 Bc3 1/2-1/2

[Event "Liga Madrid 2009-2010 Division de Honor"]
[Site "Madrid ESP"]
[Date "2010.01.10"]
[Round "5.21"]
[White "Gallego Jimenez, Victoriano"]
[Black "Garcia Luengo, Leandro"]
[Result "1/2-1/2"]
[WhiteElo "2421"]
[BlackElo "2308"]
[PlyCount "118"]
[EventDate "2009.11.22"]
[EventType "team"]
[EventRounds "14"]
[EventCountry "ESP"]
[Source "lmi"]
[SourceDate "2009.11.22"]

1. d4 d5 2. c4 e6 3. Nc3 Nf6 4. Bg5 c6 5. e3 Nbd7 6. Nf3 Qa5 7. cxd5 Nxd5 8.
Qd2 Bb4 9. Rc1 Nxc3 10. bxc3 Ba3 11. Rb1 c5 12. Bd3 cxd4 13. exd4 O-O 14. O-O
Bd6 15. Qe3 Re8 16. c4 Bf8 17. Be4 Qa4 18. Bxb7 Bxb7 19. Rxb7 Qc6 20. Rfb1 Nb6
21. Rxf7 Nxc4 22. Qf4 Nd6 23. Rc1 Qxc1+ 24. Qxc1 Nxf7 25. Bf4 Rac8 26. Qd1 Rc6
27. Qa4 Rec8 28. g3 a6 29. Qb3 Be7 30. Kg2 Bf6 31. Qb7 g5 32. Be3 g4 33. Nd2
Nd6 34. Qd7 Nf5 35. Nc4 R8c7 36. Qe8+ Kg7 37. Bf4 Rxc4 38. Bxc7 Rxc7 39. Qxe6
Kg6 40. d5 h5 41. d6 Rc2 42. d7 Rd2 43. Qe8+ Kg7 44. Kf1 Nh6 45. Ke1 Rd3 46.
Qe6 Rd4 47. Qxa6 Rxd7 48. Qb5 Re7+ 49. Kf1 Kg6 50. a4 Nf5 51. a5 Nd4 52. Qd3+
Kg7 53. a6 Nf3 54. Qd1 Bd4 55. h3 Re1+ 56. Qxe1 Nxe1 57. Kxe1 Kf6 58. hxg4 hxg4
59. Ke2 Kf5 1/2-1/2

[Event "Liga Madrid 2009-2010 Division de Honor"]
[Site "Madrid ESP"]
[Date "2010.01.10"]
[Round "5.22"]
[White "Salcedo Tornero, Pablo"]
[Black "Rojo Huerta, Gabriel"]
[Result "1/2-1/2"]
[WhiteElo "2184"]
[BlackElo "2374"]
[PlyCount "50"]
[EventDate "2009.11.22"]
[EventType "team"]
[EventRounds "14"]
[EventCountry "ESP"]
[Source "lmi"]
[SourceDate "2009.11.22"]

1. e4 c5 2. Nc3 Nc6 3. g3 g6 4. Bg2 Bg7 5. d3 d6 6. Be3 e5 7. h4 h5 8. Qd2 Nge7
9. Nh3 Nd4 10. f4 Bg4 11. O-O Qd7 12. Kh2 O-O 13. f5 gxf5 14. Bh6 Bxh6 15. Qxh6
Qe6 16. Qd2 fxe4 17. dxe4 Qg6 18. Rf2 f6 19. Raf1 Rf7 20. Ng5 Rff8 21. Nf3 Kg7
22. Nxd4 cxd4 23. Nb5 Rad8 24. Nxa7 d5 25. Qb4 Rd7 1/2-1/2

[Event "Liga Madrid 2009-2010 Division de Honor"]
[Site "Madrid ESP"]
[Date "2010.01.10"]
[Round "5.23"]
[White "Navarro Nicolas, Victor Manuel"]
[Black "Garcia Diaz, Victor"]
[Result "1-0"]
[WhiteElo "2228"]
[BlackElo "2095"]
[PlyCount "59"]
[EventDate "2009.11.22"]
[EventType "team"]
[EventRounds "14"]
[EventCountry "ESP"]
[Source "lmi"]
[SourceDate "2009.11.22"]

1. d4 Nf6 2. c4 e6 3. Nc3 d5 4. Nf3 c6 5. e3 Nbd7 6. Qc2 b6 7. Bd3 Bd6 8. e4
dxc4 9. Bxc4 e5 10. Bg5 exd4 11. Nxd4 Ne5 12. Be2 h6 13. Bh4 O-O 14. O-O-O Ng6
15. Nxc6 Bf4+ 16. Kb1 Qc7 17. Bxf6 Qxc6 18. Bd4 Be6 19. g3 Bd6 20. Qa4 Qxa4 21.
Nxa4 Rfd8 22. f4 Bd7 23. Nxb6 axb6 24. Bxb6 Bc6 25. Bxd8 Bxe4+ 26. Ka1 Rxd8 27.
Rhe1 Kf8 28. Bb5 f5 29. Rd4 Rb8 30. Rxd6 1-0

[Event "Liga Madrid 2009-2010 Division de Honor"]
[Site "Madrid ESP"]
[Date "2010.01.10"]
[Round "5.31"]
[White "Serrano Salvador, Eduardo"]
[Black "Roa Alonso, Santiago"]
[Result "0-1"]
[WhiteElo "2319"]
[BlackElo "2412"]
[PlyCount "104"]
[EventDate "2009.11.22"]
[EventType "team"]
[EventRounds "14"]
[EventCountry "ESP"]
[Source "lmi"]
[SourceDate "2009.11.22"]

1. d4 Nf6 2. Nf3 e6 3. Bg5 h6 4. Bxf6 Qxf6 5. e4 d5 6. Nc3 Bb4 7. e5 Qd8 8. a3
Be7 9. Bd3 c5 10. O-O Nc6 11. dxc5 Bxc5 12. b4 Be7 13. Nb5 a6 14. Nbd4 Qb6 15.
Kh1 Bd7 16. c3 Rc8 17. Rc1 O-O 18. Qe2 a5 19. Qe3 Nxd4 20. Nxd4 f6 21. exf6
Bxf6 22. bxa5 Qxa5 23. Bg6 Qc5 24. f4 e5 25. Nf5 Qxe3 26. Nxe3 Bc6 27. fxe5 Bg5
28. Rfe1 d4 29. cxd4 Bxe3 30. Rxe3 Be8 31. Rce1 Bxg6 32. d5 Rc5 33. d6 Rd5 34.
h3 Bf5 35. Rb3 b5 36. e6 Rxd6 37. e7 Re8 38. Rxb5 Be6 39. Rbe5 Rxe7 40. a4 Kf7
41. Rf1+ Ke8 42. Rfe1 Kd7 43. a5 Rd5 44. a6 Rxe5 45. Rxe5 Kd6 46. Ra5 Ra7 47.
g4 Bc8 48. g5 Rxa6 49. Rb5 Bd7 50. Rb8 hxg5 51. Rg8 Ra7 52. Kh2 Be6 0-1

[Event "Liga Madrid 2009-2010 Division de Honor"]
[Site "Madrid ESP"]
[Date "2010.01.10"]
[Round "5.32"]
[White "Cao Armillas, Jesus"]
[Black "Solaesa Navalpotro, Luis Julio"]
[Result "0-1"]
[WhiteElo "2205"]
[BlackElo "2224"]
[PlyCount "124"]
[EventDate "2009.11.22"]
[EventType "team"]
[EventRounds "14"]
[EventCountry "ESP"]
[Source "lmi"]
[SourceDate "2009.11.22"]

1. d4 Nf6 2. c4 c5 3. d5 b5 4. cxb5 a6 5. bxa6 g6 6. Nc3 Bxa6 7. Nf3 d6 8. g3
Bg7 9. Bg2 Nbd7 10. O-O Nb6 11. Rb1 Bc4 12. Ng5 Bxa2 13. Nxa2 Rxa2 14. Qb3 Ra8
15. Qb5+ Nbd7 16. Ne6 fxe6 17. dxe6 Rb8 18. exd7+ Nxd7 19. Qc4 Qb6 20. Bd5 Nf6
21. Qa4+ Kf8 22. Be6 d5 23. Bf4 Rd8 24. Bh3 Kf7 25. Be3 Qd6 26. Rfc1 c4 27. Qc2
Ne4 28. Rd1 Nc5 29. Bg2 e6 30. Ra1 Rd7 31. Bf4 Qb6 32. Rab1 Qb3 33. Qc1 Re8 34.
Bh6 Qb8 35. Bxg7 Kxg7 36. Qc3+ Kf7 37. Rd4 Nb3 38. Rf4+ Kg8 39. Rd1 Qc7 40. Qf6
Rf7 41. Qxf7+ Qxf7 42. Rxf7 Kxf7 43. e3 Ra8 44. Bf1 Ra2 45. e4 Rxb2 46. exd5
exd5 47. Rxd5 c3 48. Bc4 Ke7 49. Bxb3 Rxb3 50. Rc5 Kd6 51. Rc8 Kd5 52. Kg2 Kd4
53. Rc7 Kd3 54. Rxh7 c2 55. Rd7+ Ke2 56. Rc7 Kd2 57. Rxc2+ Kxc2 58. Kh3 Kd2 59.
Kg4 Ke2 60. f4 Rb5 61. h4 Ke3 62. f5 gxf5+ 0-1

[Event "Liga Madrid 2009-2010 Division de Honor"]
[Site "Madrid ESP"]
[Date "2010.01.10"]
[Round "5.33"]
[White "Fraga Castro, Jose Carlos"]
[Black "Cepeda Delgado, Camilo Jose"]
[Result "0-1"]
[WhiteElo "2220"]
[BlackElo "2141"]
[PlyCount "54"]
[EventDate "2009.11.22"]
[EventType "team"]
[EventRounds "14"]
[EventCountry "ESP"]
[Source "lmi"]
[SourceDate "2009.11.22"]

1. e4 e6 2. d4 d5 3. Nc3 Bb4 4. exd5 exd5 5. Bd3 Ne7 6. Qf3 O-O 7. Nge2 c6 8.
Bg5 Nd7 9. Qh5 f5 10. a3 Bd6 11. f3 Nf6 12. Qh4 Ng6 13. Qf2 Qc7 14. O-O-O Ne4
15. fxe4 fxe4 16. Qg1 exd3 17. Rxd3 Bg4 18. Bd2 Rae8 19. Re3 Nf4 20. Rxe8 Rxe8
21. Ng3 b5 22. Kb1 a5 23. Qf2 Rf8 24. Rf1 Nh5 25. Qe3 Nxg3 26. Rxf8+ Kxf8 27.
Qg5 Nf1 0-1

[Event "Liga Madrid 2009-2010 Division de Honor"]
[Site "Madrid ESP"]
[Date "2010.01.10"]
[Round "5.34"]
[White "Lorite Cruz, Francisco"]
[Black "Ramirez Garcia, Jorge Alberto"]
[Result "1-0"]
[WhiteElo "2073"]
[BlackElo "2175"]
[PlyCount "73"]
[EventDate "2009.11.22"]
[EventType "team"]
[EventRounds "14"]
[EventCountry "ESP"]
[Source "lmi"]
[SourceDate "2009.11.22"]

1. e4 c5 2. Nf3 d6 3. d4 cxd4 4. Nxd4 Nf6 5. Nc3 g6 6. Be3 Nc6 7. f3 Bg7 8. Qd2
Bd7 9. Bc4 Rc8 10. Bb3 Qa5 11. O-O-O Ne5 12. Kb1 b5 13. Ncxb5 Qa6 14. Nc3 O-O
15. g4 Rc7 16. g5 Nh5 17. Nd5 Rb7 18. Nxe7+ Kh8 19. Nd5 Re8 20. Rhe1 f5 21.
exf5 gxf5 22. f4 Ng6 23. Qf2 Re4 24. Nc3 Rxe3 25. Qxe3 Nhxf4 26. Rf1 Be5 27.
Nf3 Bg7 28. Qd2 Rb6 29. Nd5 Nxd5 30. Qxd5 Qc8 31. Nd4 Ne5 32. h4 Ng4 33. Rd3
Ne5 34. Rc3 Qe8 35. Rc7 Ng4 36. Rxd7 Ne3 37. Re7 1-0

[Event "Liga Madrid 2009-2010 Division de Honor"]
[Site "Madrid ESP"]
[Date "2010.01.10"]
[Round "5.35"]
[White "Alonso Nieto, Santiago"]
[Black "San Juan Rodriguez, Miguel"]
[Result "1/2-1/2"]
[WhiteElo "2120"]
[BlackElo "2073"]
[PlyCount "92"]
[EventDate "2009.11.22"]
[EventType "team"]
[EventRounds "14"]
[EventCountry "ESP"]
[Source "lmi"]
[SourceDate "2009.11.22"]

1. d4 d5 2. c4 Nc6 3. Nf3 Bg4 4. Ne5 Nxe5 5. dxe5 dxc4 6. Qc2 Qd4 7. Nd2 b5 8.
Nf3 Bxf3 9. gxf3 e6 10. Bd2 Bc5 11. O-O-O Rd8 12. e3 Qd5 13. Bg2 Qc6 14. Ba5
Rxd1+ 15. Rxd1 Ne7 16. Qd2 O-O 17. Qd7 Qxd7 18. Rxd7 Nd5 19. Bxc7 Nxc7 20. Rxc7
Bb6 21. Rc6 Rb8 22. a4 a6 23. Bf1 Kf8 24. Kc2 g5 25. b4 cxb3+ 26. Kxb3 Ba5 27.
axb5 axb5 28. Rc2 h6 29. Ra2 Bc7 30. f4 gxf4 31. exf4 Bd8 32. Ra6 Bb6 33. Bxb5
Bxf2 34. Kc4 Be3 35. f5 exf5 36. Rf6 Bg5 37. Rxf5 Ke7 38. Rf3 Ke6 39. Kc5 Be7+
40. Kc6 Rc8+ 41. Kb7 Rc2 42. h3 Rb2 43. Kc6 Kxe5 44. Rxf7 Bg5 45. Rf3 Rd2 46.
Kc5 Rc2+ 1/2-1/2

[Event "Liga Madrid 2009-2010 Division de Honor"]
[Site "Madrid ESP"]
[Date "2010.01.10"]
[Round "5.41"]
[White "Moreno Ruiz, Javier"]
[Black "Valles Moreno, Ivan"]
[Result "1/2-1/2"]
[WhiteElo "2459"]
[BlackElo "2424"]
[PlyCount "82"]
[EventDate "2009.11.22"]
[EventType "team"]
[EventRounds "14"]
[EventCountry "ESP"]
[Source "lmi"]
[SourceDate "2009.11.22"]

1. c4 f5 2. g3 Nf6 3. Bg2 e6 4. Nf3 d5 5. O-O Bd6 6. d4 c6 7. b3 Qe7 8. Ne5 O-O
9. Qc2 Nbd7 10. Bb2 a5 11. Nd2 Ne4 12. Ndf3 a4 13. bxa4 Qd8 14. Nxd7 Bxd7 15.
Ne5 Be8 16. f3 Ng5 17. c5 Bxe5 18. dxe5 f4 19. Bd4 fxg3 20. hxg3 Qa5 21. Qc3
Bg6 22. Rfc1 Qxc3 23. Rxc3 Rxa4 24. Bf2 Rfa8 25. a3 R8a5 26. Rb3 h5 27. Rxb7
Rxa3 28. Rxa3 Rxa3 29. Bd4 Ra2 30. Kf2 Bd3 31. Rb2 Rxb2 32. Bxb2 Ba6 33. Bc1
Nf7 34. Bh3 Bc8 35. Bb2 Kh7 36. Ke3 g5 37. Kd4 g4 38. Bg2 Ba6 39. fxg4 hxg4 40.
e4 Ng5 41. Ke3 Nxe4 1/2-1/2

[Event "Liga Madrid 2009-2010 Division de Honor"]
[Site "Madrid ESP"]
[Date "2010.01.10"]
[Round "5.42"]
[White "Sanchez Gonzalez, Sergio"]
[Black "De La Fuente Gonzalez, Francisco"]
[Result "1/2-1/2"]
[WhiteElo "2322"]
[BlackElo "2237"]
[PlyCount "133"]
[EventDate "2009.11.22"]
[EventType "team"]
[EventRounds "14"]
[EventCountry "ESP"]
[Source "lmi"]
[SourceDate "2009.11.22"]

1. e4 c5 2. Nf3 d6 3. d4 cxd4 4. Nxd4 Nf6 5. Nc3 a6 6. Be2 e6 7. O-O Be7 8. f4
Qc7 9. Be3 Nc6 10. Bf3 O-O 11. Kh1 Bd7 12. Nce2 Rac8 13. Rc1 Na5 14. Qd3 Nc4
15. b3 Nxe3 16. Qxe3 e5 17. Nf5 Bxf5 18. exf5 e4 19. Bxe4 d5 20. Bd3 Rfe8 21.
Qh3 Bc5 22. Ng3 Re3 23. Rce1 Rce8 24. Rxe3 Rxe3 25. Qh4 Qe7 26. Nh5 Nxh5 27.
Qxh5 Re1 28. Qf3 Qe3 29. Qxe3 Rxf1+ 30. Bxf1 Bxe3 31. g3 d4 32. Kg2 a5 33. Kf3
Kf8 34. Ke4 Bg1 35. h3 Ke7 36. Kd5 Bf2 37. g4 Be3 38. Bd3 Kd7 39. Bb5+ Ke7 40.
h4 Bxf4 41. Kxd4 Kd6 42. g5 h6 43. Ke4 Bd2 44. gxh6 Bxh6 45. c3 f6 46. b4 b6
47. Kd4 Bd2 48. Kc4 Be1 49. h5 Bf2 50. Be8 axb4 51. cxb4 Be3 52. a4 Kc7 53. Kd5
Bd2 54. Ke6 Kb8 55. Bb5 Kc7 56. Bc4 Be3 57. Bd5 Bd2 58. Be4 Be3 59. Kd5 Bd2 60.
Kc4 Kb8 61. Kb5 Ka7 62. Kc4 Be3 63. Kd5 Bd2 64. b5 Kb8 65. Kd6 Ka7 66. Kc7 Bf4+
67. Kc6 1/2-1/2

[Event "Liga Madrid 2009-2010 Division de Honor"]
[Site "Madrid ESP"]
[Date "2010.01.10"]
[Round "5.43"]
[White "Sanchez-Alarcos Galian, Victor"]
[Black "Perez Gonzalez, Jose Manuel"]
[Result "1/2-1/2"]
[WhiteElo "2149"]
[BlackElo "2332"]
[PlyCount "90"]
[EventDate "2009.11.22"]
[EventType "team"]
[EventRounds "14"]
[EventCountry "ESP"]
[Source "lmi"]
[SourceDate "2009.11.22"]

1. d4 Nf6 2. Nf3 g6 3. g3 Bg7 4. Bg2 O-O 5. O-O d6 6. c4 Nc6 7. d5 Na5 8. Nfd2
Rb8 9. a3 b5 10. cxb5 Rxb5 11. Nc3 Rb8 12. Qa4 Nb7 13. Qxa7 Bd7 14. Qa6 Nc5 15.
Qc4 Ng4 16. Nf3 Nb3 17. Rb1 Ne5 18. Nxe5 Bxe5 19. Be3 Rb7 20. Be4 Qb8 21. h4
Na5 22. Qa2 Rb3 23. Bc2 Bf5 24. Bxb3 Bxb1 25. Rxb1 Nxb3 26. a4 Qb4 27. Nb5 Ra8
28. Na7 Qe4 29. Rd1 Nd4 30. Bxd4 Bxd4 31. Nc6 Rxa4 32. Qb3 Bf6 33. Qd3 Bxb2 34.
Qxe4 Rxe4 35. Kf1 e6 36. Rb1 Bf6 37. Rb7 exd5 38. Rxc7 Rc4 39. Ne7+ Bxe7 40.
Rxe7 Re4 41. Rd7 Re6 42. Ke1 h5 43. Kd2 Kg7 44. Kd3 Rf6 45. f3 Re6 1/2-1/2

[Event "Liga Madrid 2009-2010 Division de Honor"]
[Site "Madrid ESP"]
[Date "2010.01.10"]
[Round "5.44"]
[White "Vallejo Diaz, Javier"]
[Black "Arauz Alonso, Fernando"]
[Result "1/2-1/2"]
[WhiteElo "2310"]
[BlackElo "2140"]
[PlyCount "55"]
[EventDate "2009.11.22"]
[EventType "team"]
[EventRounds "14"]
[EventCountry "ESP"]
[Source "lmi"]
[SourceDate "2009.11.22"]

1. e4 c6 2. d4 d5 3. Nd2 dxe4 4. Nxe4 Nf6 5. Ng3 Nbd7 6. Nf3 e6 7. Bd3 c5 8.
O-O cxd4 9. Nxd4 Bc5 10. c3 O-O 11. Bg5 h6 12. Be3 Nd5 13. Bd2 Ne5 14. Bc2 b6
15. Qe2 Bxd4 16. cxd4 Nc6 17. Bc3 f5 18. Qf3 Qd6 19. Rfe1 Bd7 20. Nf1 b5 21. a3
Rac8 22. Rad1 a5 23. Bb3 b4 24. Bxd5 exd5 25. Bd2 Nxd4 26. Qf4 Qxf4 27. Bxf4
Nc2 28. Re7 1/2-1/2

[Event "Liga Madrid 2009-2010 Division de Honor"]
[Site "Madrid ESP"]
[Date "2010.01.10"]
[Round "5.45"]
[White "Sanchez Naranjo, Jose Manuel"]
[Black "Vallejo Diaz, Jesus"]
[Result "0-1"]
[WhiteElo "2090"]
[BlackElo "2277"]
[PlyCount "40"]
[EventDate "2009.11.22"]
[EventType "team"]
[EventRounds "14"]
[EventCountry "ESP"]
[Source "lmi"]
[SourceDate "2009.11.22"]

1. e4 c5 2. Nf3 e6 3. d4 cxd4 4. Nxd4 a6 5. Bd3 Bc5 6. Nb3 Be7 7. O-O Nc6 8.
Nc3 Nf6 9. f4 d6 10. Qe2 Qc7 11. Be3 O-O 12. g4 Re8 13. g5 Nd7 14. Qf2 g6 15.
Qh4 f6 16. f5 fxg5 17. Bxg5 Bxg5 18. Qxg5 Nde5 19. Rf2 Qb6 20. Raf1 Nf3+ 0-1

[Event "Liga Madrid 2009-2010 Division de Honor"]
[Site "Madrid ESP"]
[Date "2010.01.10"]
[Round "5.46"]
[White "Fernandez Garcia, Miguel Angel"]
[Black "Ruiz Martin, Juan"]
[Result "1-0"]
[WhiteElo "2254"]
[BlackElo "2037"]
[PlyCount "93"]
[EventDate "2009.11.22"]
[EventType "team"]
[EventRounds "14"]
[EventCountry "ESP"]
[Source "lmi"]
[SourceDate "2009.11.22"]

1. d4 Nf6 2. c4 d6 3. Nc3 Nbd7 4. e4 e5 5. Be3 g6 6. Be2 Bg7 7. d5 O-O 8. h4 h6
9. g4 Ne8 10. Qd2 Kh7 11. h5 g5 12. Nh3 Bf6 13. f3 Be7 14. Nf2 a5 15. O-O c6
16. Nh1 Qc7 17. Ng3 Bd8 18. b3 Qb8 19. dxc6 bxc6 20. Rfd1 Bb6 21. Na4 Bxe3+ 22.
Qxe3 Ndf6 23. Nb6 Qa7 24. c5 Rb8 25. Kf2 Be6 26. Na4 dxc5 27. Qxc5 Qxc5+ 28.
Nxc5 Ng7 29. Rd6 Rfd8 30. Rad1 Rxd6 31. Rxd6 Rc8 32. Nf1 Nfe8 33. Rd2 Rc7 34.
Ne3 f6 35. a4 Kg8 36. Bc4 Bf7 37. Rd8 Kf8 38. Ra8 Ke7 39. Bxf7 Kxf7 40. Nc4 Re7
41. Nxa5 Ne6 42. Nxe6 Kxe6 43. Ra6 Rc7 44. Nxc6 Kd7 45. Nb4 Rb7 46. Nd5 Kd8 47.
b4 1-0

[Event "Liga Madrid 2009-2010 Division de Honor"]
[Site "Madrid ESP"]
[Date "2010.01.17"]
[Round "6.11"]
[White "Almagro Llamas, Pablo"]
[Black "Valles Moreno, Ivan"]
[Result "1-0"]
[WhiteElo "2453"]
[BlackElo "2424"]
[PlyCount "59"]
[EventDate "2009.11.22"]
[EventType "team"]
[EventRounds "14"]
[EventCountry "ESP"]
[Source "lmi"]
[SourceDate "2009.11.22"]

1. e4 c5 2. Nf3 e6 3. d4 cxd4 4. Nxd4 Nc6 5. Nc3 Qc7 6. Be3 a6 7. Qd2 Nf6 8. f3
Be7 9. g4 O-O 10. g5 Ne8 11. O-O-O Nxd4 12. Qxd4 b5 13. h4 Rb8 14. Kb1 f5 15.
exf5 Rxf5 16. Bd3 Bc5 17. Qg4 Bxe3 18. Bxf5 exf5 19. Qxf5 d6 20. Qe4 Qf7 21.
Qxe3 Bf5 22. Rhe1 Rc8 23. Re2 Qc4 24. Qd4 Kf7 25. Qxc4+ Rxc4 26. Ne4 Bg6 27. b3
Rc6 28. Ng3 h5 29. f4 Rc5 30. Rde1 1-0

[Event "Liga Madrid 2009-2010 Division de Honor"]
[Site "Madrid ESP"]
[Date "2010.01.17"]
[Round "6.12"]
[White "Sanchez Gonzalez, Sergio"]
[Black "Rabadan Velasco, Raul"]
[Result "0-1"]
[WhiteElo "2322"]
[BlackElo "2334"]
[PlyCount "110"]
[EventDate "2009.11.22"]
[EventType "team"]
[EventRounds "14"]
[EventCountry "ESP"]
[Source "lmi"]
[SourceDate "2009.11.22"]

1. e4 Nf6 2. e5 Nd5 3. d4 d6 4. c4 Nb6 5. exd6 exd6 6. Nf3 Bg4 7. Bd3 Nc6 8.
Be3 Be7 9. Nbd2 Bf6 10. Qb3 O-O 11. O-O a5 12. a3 g6 13. h3 a4 14. Qc2 Bd7 15.
d5 Ne7 16. Ne4 Bg7 17. Bd4 Bxd4 18. Nxd4 Nf5 19. Nf3 Bc8 20. Qc3 Nd7 21. Nh2
Ng7 22. f4 f5 23. Nd2 Nc5 24. b4 axb3 25. Nxb3 Qf6 26. Qxf6 Rxf6 27. Nxc5 dxc5
28. Be2 Rfa6 29. Rf3 Ne8 30. Re3 Kf8 31. Nf3 Nd6 32. Ne5 Ra4 33. h4 b6 34. h5
gxh5 35. Rh3 h4 36. Bd1 Rb4 37. Rc1 Rb2 38. Kh2 Kg7 39. Rcc3 Ne4 40. Rc2 Rb1
41. Bf3 Ng3 42. Rxh4 Nf1+ 43. Kh3 Ne3 44. Rc3 Rh1+ 45. Kg3 Nf1+ 46. Kf2 Rxh4
47. Kxf1 Rxf4 48. g3 Rd4 49. d6 cxd6 50. Bxa8 dxe5 51. Bd5 Ba6 52. Kf2 Kf6 53.
Kg2 Kg5 54. Kh3 Rd2 55. a4 Bc8 0-1

[Event "Liga Madrid 2009-2010 Division de Honor"]
[Site "Madrid ESP"]
[Date "2010.01.17"]
[Round "6.13"]
[White "Anton Guijarro, David"]
[Black "Perez Gonzalez, Jose Manuel"]
[Result "0-1"]
[WhiteElo "2300"]
[BlackElo "2332"]
[PlyCount "84"]
[EventDate "2009.11.22"]
[EventType "team"]
[EventRounds "14"]
[EventCountry "ESP"]
[Source "lmi"]
[SourceDate "2009.11.22"]

1. d4 Nf6 2. c4 c5 3. d5 b5 4. Nf3 g6 5. cxb5 a6 6. b6 a5 7. Qb3 Bb7 8. Nc3 d6
9. e4 Nbd7 10. Bb5 Bg7 11. e5 dxe5 12. Nxe5 O-O 13. Nc6 Qxb6 14. Nxe7+ Kh8 15.
O-O Qd6 16. Nc6 Nb6 17. Rd1 a4 18. Bxa4 Nxa4 19. Nxa4 Ng4 20. g3 Bxc6 21. dxc6
Qxc6 22. Nc3 Qf3 23. Qc2 Bd4 24. Rf1 Rfe8 25. Bf4 Re6 26. Nb5 Re2 27. Nxd4 cxd4
28. Qb3 Ne3 29. Bxe3 dxe3 30. Qb6 Re8 31. a4 exf2+ 32. Qxf2 Rxf2 33. Rxf2 Qe3
34. a5 Rb8 35. Ra2 Qc1+ 36. Kg2 Qc4 37. Ra3 Rb3 38. Ra1 Qd5+ 39. Kh3 Rb5 40. a6
Qe4 41. g4 Rb3+ 42. Kh4 Qe7+ 0-1

[Event "Liga Madrid 2009-2010 Division de Honor"]
[Site "Madrid ESP"]
[Date "2010.01.17"]
[Round "6.14"]
[White "Vallejo Diaz, Javier"]
[Black "Tamayo Romay, Javier"]
[Result "1-0"]
[WhiteElo "2310"]
[BlackElo "2232"]
[PlyCount "39"]
[EventDate "2009.11.22"]
[EventType "team"]
[EventRounds "14"]
[EventCountry "ESP"]
[Source "lmi"]
[SourceDate "2009.11.22"]

1. e4 c6 2. d4 d5 3. Nd2 dxe4 4. Nxe4 Bf5 5. Ng3 Bg6 6. h4 h6 7. Nh3 e5 8. dxe5
Qa5+ 9. c3 Qxe5+ 10. Be2 Bc5 11. Bf4 Qe7 12. h5 Bh7 13. O-O Nf6 14. b4 Bb6 15.
Bd6 Qd7 16. Re1 Kd8 17. Bxb8 Rxb8 18. Qb3 Qc7 19. c4 c5 20. Bd3 1-0